000 00631nam a2200181 i 4500
001 171858
003 ES-MaACL
005 20230906214741.0
007 t|
008 090603s1880 sp ||||1| spa d
100 1 _aBalzac, Honoré de,
_d1799-1850
_925139
245 1 4 _aUna pasión en el desierto /
_cH. de Balzac ; traducción por G. C.
260 _aMadrid :
_b[s.n.],
_c1880 (
_fImp. La Guirnalda)
300 _a28 p. ;
_c19 cm.
700 1 _aCerrajería, Gonzalo.
_937559
852 _aES-MaACL
_jT-399-F-14
_z.- Dedicatoria autógrafa del traductor G.[onzalo] Cerrajería
_q.- Ejemplar sin cubierta
999 _c171858
_d171858